000 00586cam a2200181 4500500
005 20260405001955.0
041 _afre
042 _adc
100 1 0 _aPersonne, Thomas
_eauthor
245 0 0 _aL’homme dévasté. Essai sur la déconstruction de la culture
260 _c2015.
500 _a8
690 _aCulture
690 _aDéconstruction
690 _aJean-François Mattéi
786 0 _nPhilosophie magazine | 88 | 4 | 2015-04-01 | p. 61-61 | 1951-1787
856 4 1 _uhttps://shs.cairn.info/magazine-philosophie-magazine-2015-4-page-61?lang=fr&redirect-ssocas=7080
999 _c2052884
_d2052884